000 01178cad a22002055a 4500
001 L156968
008 120801s2012 xxkd f s 000 0 eng d
035 _a(Sirsi) u156968
041 0 _aeng
110 2 _aCBRE
245 0 0 _aUK prime rent and yield monitor marketview
_bQ2 2012
_h[electronic resource]
260 _aLondon
_bCBRE
_c2012
490 0 _aCBRE UK Prime Rent and Yield Monitor Marketview
_vQ2 2012
520 _aPrime rents fell by 0.1% in Q2 2012 at the All Property level as all sectors except offices saw rental declines. Recently more negative sentiment has been creeping into prime investment markets with prime yields moving out by 4 basis points to 6.17% and yields moving out by 8 basis points over the past year. Retail warehouses remained the most responsive sector in UK property as yields moved out 14 basis points in response to flagging sentiment. The 10-year government bond yield moved down dramatically in Q2 to 1.7%.
590 _aKA NTK
651 4 _aUnited Kingdom
690 _aCommercial property
_96227
856 4 0 _uhttps://www.cbre.eu/portal/pls/portal/res_rep.show_report?report_id=1955
_zView the monitor at www.cbre.eu
942 _n0
999 _c114522
_d114522